000 00313 a2200145 4500
001 150955
040 _cEscola São Tomás de Aquino
100 _aBANDEIRA, Pedro
240 1 0 _aAnjo da morte
_lpor
245 1 0 _aAnjo da morte
300 _a142
362 0 _a200
697 _a*LITERATURA JUVENIL
942 _cBK
999 _c150955
_d150955